00809cam a2200241u 4500001001000000003000900010005001700019007000300036008004100039010001300080020001800093040002500111082001500136100000300151110015100154245015200305260007800457300002000535650000300555650000300558650000300561700000300564000014841DO-SdBNP20220519121156.0ta840817s2018 sp 000 0 spa  a43040479 a9789945913521 aDO-SdBNPcspadBNPHU axxxbR426p  aRepública Dominicana.bMinisterio de Educación Superior, Ciencia y Técnología.eViceministerio de Evaluación y Acreditación de las IES1 aPlan de quinquenios evaluativos para el desarrollo del proceso de evaluación regulatoria de las instituciones de educación superior dominicanas aSanto Domingo :bMinisterio de educación, Ciencia y Tecnología,c2018 a51 p. ;c22 cm. 0 0 02